000 00528nam a2200157 4500
001 119268
003 ES-MaACL
005 20230906191256.0
007 t|
008 070214s1922 sp r ||||1| spa d
100 1 _aPérez-Grande, Valentín Enrique.
_990921
245 1 3 _aLa diatermia en general y aua aplicaciones a la gonococia
_b: Conferencias clínicas de Urología /
_cValentín Enrique Pérez-Grande.
260 _aMadrid :
_bSucesores de Hernando,
_c1922.
300 _a195 p. ;
_c21 cm.
852 _aES-MaACL
_jB-11765
999 _c119268
_d119268